000 00471nam a2200169Ia 4500
008 110201s9999 xx 000 0 und d
082 _bB2125
_aKS 345
100 _aशेखर
245 _aसर्कस सुंदरी
260 _bअंजु प्रकाशन
365 _b15
600 _aशेखर
630 _aसर्कस सुंदरी
700 _aशेखर
730 _aसर्कस सुंदरी
942 _cBOOK
999 _c829221
_d829218